000 00577cam a22002051 4500
001 ca 36001247
003 DLC
005 20260227111143.0
008 800130s1935 mnua 000 0 eng
010 _aca 36001247
035 _a(OCoLC)5926218
040 _aDLC
_cOCl
_dDLC
042 _apremarc
050 0 0 _aPS3537.P442
_bB4 1935
082 _a812.5
100 1 _aSpence, Wall.
245 1 0 _a"Behold the truth",
_ba comedy drama in three acts,
_cby Wall Spence.
260 _aMinneapolis, Minn.,
_bThe Northwestern press,
_cc1935.
300 _a88, [1] p.
_bdiagr.
_c19 cm.
999 _c18232
_d18232